The miracles of the New Testament. (Record no. 5224)

000 -LEADER
fixed length control field 00584nam a2200193 a 4500
001 - CONTROL NUMBER
control field :::00002965$&:&@@
003 - CONTROL NUMBER IDENTIFIER
control field OkBaRHE
005 - DATE AND TIME OF LATEST TRANSACTION
control field 20000607103258.0
008 - FIXED-LENGTH DATA ELEMENTS--GENERAL INFORMATION
fixed length control field s1915 j 000 0 eng u
040 ## - CATALOGING SOURCE
Transcribing agency
100 1# - MAIN ENTRY--PERSONAL NAME
Personal name Headlam, Arthur Cayley, 1862-1947.
245 14 - TITLE STATEMENT
Title The miracles of the New Testament.
260 ## - PUBLICATION, DISTRIBUTION, ETC. (IMPRINT)
Place of publication, distribution, etc London, UK:EN., :
Name of publisher, distributor, etc John Murray
Date of publication, distribution, etc 1915
300 ## - PHYSICAL DESCRIPTION
Extent 361 p. ;
Dimensions 21 cm.
650 ## - SUBJECT ADDED ENTRY--TOPICAL TERM
Topical term or geographic name as entry element Bible New Testament
General subdivision Study
650 ## - SUBJECT ADDED ENTRY--TOPICAL TERM
Topical term or geographic name as entry element Miracles
942 ## - ADDED ENTRY ELEMENTS (KOHA)
Source of classification or shelving scheme
Koha item type Books
Copies
Shelving location Source of classification or shelving scheme Withdrawn status Copy number Date last seen Barcode Koha item type Date acquired Lost status Not for loan Price effective from Full call number Damaged status Permanent Location
General Stacks  12018-03-162965Books2010-04-14  2010-04-14BS 2525 .H4 RHEMA Bible Training College